|
|
|
|
| LEADER |
02752nam a2200565 4500 |
| 001 |
978-3-319-76054-4 |
| 003 |
DE-He213 |
| 005 |
20191023121722.0 |
| 007 |
cr nn 008mamaa |
| 008 |
180820s2018 gw | s |||| 0|eng d |
| 020 |
|
|
|a 9783319760544
|9 978-3-319-76054-4
|
| 024 |
7 |
|
|a 10.1007/978-3-319-76054-4
|2 doi
|
| 040 |
|
|
|d GrThAP
|
| 050 |
|
4 |
|a BH1-301
|
| 072 |
|
7 |
|a HPN
|2 bicssc
|
| 072 |
|
7 |
|a PHI001000
|2 bisacsh
|
| 072 |
|
7 |
|a QDTN
|2 thema
|
| 082 |
0 |
4 |
|a 111.85
|2 23
|
| 245 |
1 |
0 |
|a Exploring Transdisciplinarity in Art and Sciences
|h [electronic resource] /
|c edited by Zoï Kapoula, Emmanuelle Volle, Julien Renoult, Moreno Andreatta.
|
| 250 |
|
|
|a 1st ed. 2018.
|
| 264 |
|
1 |
|a Cham :
|b Springer International Publishing :
|b Imprint: Springer,
|c 2018.
|
| 300 |
|
|
|a XIII, 357 p. 102 illus., 57 illus. in color.
|b online resource.
|
| 336 |
|
|
|a text
|b txt
|2 rdacontent
|
| 337 |
|
|
|a computer
|b c
|2 rdamedia
|
| 338 |
|
|
|a online resource
|b cr
|2 rdacarrier
|
| 347 |
|
|
|a text file
|b PDF
|2 rda
|
| 505 |
0 |
|
|a Creativity and neural basis -- Neurophysiology of Aesthetics -- Music, mathematics and brain -- Evolutionary aesthetics.
|
| 520 |
|
|
|a Chapter "Composing Music from Neuronal Activity: The Spikiss Project" is available open access under a Creative Commons Attribution-NonCommercial 4.0 International License via link.springer.com.
|
| 650 |
|
0 |
|a Aesthetics.
|
| 650 |
|
0 |
|a Neurosciences.
|
| 650 |
|
0 |
|a Computer mathematics.
|
| 650 |
|
0 |
|a Arts.
|
| 650 |
|
0 |
|a Neurobiology.
|
| 650 |
1 |
4 |
|a Aesthetics.
|0 http://scigraph.springernature.com/things/product-market-codes/E11000
|
| 650 |
2 |
4 |
|a Neurosciences.
|0 http://scigraph.springernature.com/things/product-market-codes/B18006
|
| 650 |
2 |
4 |
|a Computational Mathematics and Numerical Analysis.
|0 http://scigraph.springernature.com/things/product-market-codes/M1400X
|
| 650 |
2 |
4 |
|a Arts.
|0 http://scigraph.springernature.com/things/product-market-codes/416000
|
| 650 |
2 |
4 |
|a Neurobiology.
|0 http://scigraph.springernature.com/things/product-market-codes/L25066
|
| 700 |
1 |
|
|a Kapoula, Zoï.
|e editor.
|4 edt
|4 http://id.loc.gov/vocabulary/relators/edt
|
| 700 |
1 |
|
|a Volle, Emmanuelle.
|e editor.
|4 edt
|4 http://id.loc.gov/vocabulary/relators/edt
|
| 700 |
1 |
|
|a Renoult, Julien.
|e editor.
|4 edt
|4 http://id.loc.gov/vocabulary/relators/edt
|
| 700 |
1 |
|
|a Andreatta, Moreno.
|e editor.
|4 edt
|4 http://id.loc.gov/vocabulary/relators/edt
|
| 710 |
2 |
|
|a SpringerLink (Online service)
|
| 773 |
0 |
|
|t Springer eBooks
|
| 776 |
0 |
8 |
|i Printed edition:
|z 9783319760537
|
| 776 |
0 |
8 |
|i Printed edition:
|z 9783319760551
|
| 776 |
0 |
8 |
|i Printed edition:
|z 9783030093914
|
| 856 |
4 |
0 |
|u https://doi.org/10.1007/978-3-319-76054-4
|z Full Text via HEAL-Link
|
| 912 |
|
|
|a ZDB-2-REP
|
| 950 |
|
|
|a Religion and Philosophy (Springer-41175)
|